000 00303nam a2200121Ia 4500
008 171211s9999 xx 000 0 und d
020 _a9780323341127
100 _aPatton, Kevin T.
245 _aStructure & Function of the Body
250 _aXV
260 _bElsivier Inc.
_c2016
300 _a503 pages
999 _c350948
_d350948